00337 a2200109 4500001001000000005001700010008004100027245004900068100002200117773007100139999001700210ART_1955420260410161721.0260409a 10aProducción conjunta y análisis marginal:1 aKuster, Christian0 tContabilidad y auditoríag- Año 19, Nº 37 (jun.2013)wREV1723 c16959d16959